| 000 | 00818nam a22002297a 4500 | ||
|---|---|---|---|
| 999 |
_c20606 _d20606 |
||
| 003 | AR-CdUCM | ||
| 008 | 190531b ||||| |||| 00| 0 spa d | ||
| 040 |
_aMUNICIPALIDAD PROVINCIAL DEL CUSCO _cBIBLIOTECA MUNICIPAL DEL CUSCO |
||
| 082 |
_a136.5 / _bH76 |
||
| 100 |
_aHorney, Karen _938036 |
||
| 245 | _aPsicología femenina / | ||
| 260 |
_aBuenos Aires : _bPsique, _c1970. |
||
| 300 |
_a294 páginas ; _c21 cm. |
||
| 505 | _aContenido: Sobre la génesis del complejo de castración de las mujeres -- La huida de la femineidad -- La femineidad inhibida... | ||
| 650 |
_aPsicología _91538 |
||
| 650 |
_aPremenstrual _943066 |
||
| 650 |
_aPsicogénicos _943067 |
||
| 700 |
_aSetaro, Flora (traductor) _943068 |
||
| 700 |
_aKelman, Harold (introducción) _943069 |
||
| 942 |
_2ddc _cLIBROS |
||
| 945 | _aJavier | ||